Statistics for Countries Bordering Zambia

Click here to take the quiz!

General Stats

  • This quiz has been taken 25 times
    (12 since last reset)
  • The average score is 7 of 8

Answer Stats

Length Answer % Correct
797Zimbabwe
100%
419Mozambique
100%
338Tanzania
90%
233Namibia
90%
<1Botswana
90%
1,930D.R. Congo
80%
1,110Angola
80%
837Malawi
70%

Score Distribution

Percentile by Number Answered

Percent of People with Each Score

Your Score History

You have not taken this quiz since the last reset